000 00280nam a2200109Ia 4500
008 220204s9999 xx 000 0 und d
082 _a82-3
_bARC-F
100 _aArcher, Jeffrey
245 0 _aFirst among equals
260 _aGreat Britain
_bHodder and Stoughton
_c1984
942 _cBK
999 _c38697
_d38697